| 000 | 01357cad a22001935a 4500 | ||
|---|---|---|---|
| 001 | L152138 | ||
| 008 | 110202s2010 xxk f 000 0 eng d | ||
| 035 | _a(Sirsi) u152138 | ||
| 041 | 0 | _aeng | |
| 110 | 2 |
_aOffice for National Statistics _92210 |
|
| 245 | 0 | 0 |
_aBuilding and construction _bUK national statistics publication hub _h[electronic resource] |
| 260 |
_aNewport _bONS _c2010 |
||
| 520 | _aTopic guide to ONS statistics for the construction industry; current and past editions and a calendar for future releases for the following publications - adjustments for measured term contracts; building price and cost indices; construction statistics; green belt statistics, England; monthly statistics of building materials and components; new orders in the construction industry; Northern Ireland annual business inquiry; Northern Ireland construction bulletin; output and employment in the construction industry; output in the construction industry; price adjustment formulae for construction contracts; regional variations in construction statistics. | ||
| 590 | _aKA NTK | ||
| 651 | 4 |
_aUnited Kingdom _y |
|
| 690 | _aBUILT ENVIRONMENT-CONSTRUCTION MARKET | ||
| 856 | 4 | 0 |
_uhttps://www.statistics.gov.uk/hub/business-energy/production-industries/building-and-construction/index.html _zView this item free of charge at www.statistics.gov.uk |
| 942 | _n0 | ||
| 999 |
_c111890 _d111890 |
||